Top 100 MLB Players 2022 - Statistics

General Stats
  • This quiz has been taken 2,174 times
  • The average score is 62 of 100
Answer Stats
Hint Answer % Correct
3 LAA OF Mike Trout
97%
1 WAS OF Juan Soto
94%
4 LAD OF Mookie Betts
93%
6 LAA DH/P Shohei Ohtani
93%
13 NYY OF Aaron Judge
91%
2 TOR 1B Vladimir Guerrero
91%
8 NYY SP Gerrit Cole
90%
19 PHI OF Bryce Harper
89%
5 CLE 3B Jose Ramirez
88%
12 ATL OF Ronald Acuna
88%
11 LAD SS Trea Turner
87%
16 HOU 3B Alex Bregman
85%
32 LAD 1B Freddie Freeman
85%
91 LAD 3B Justin Turner
85%
9 MIN SS Carlos Correa
84%
15 LAD C Will Smith
84%
17 TEX SS Corey Seager
83%
24 NYM SS Francisco Lindor
83%
25 SD 3B Manny Machado
83%
14 TOR SS Bo Bichette
82%
10 MIL SP Corbin Burnes
82%
36 HOU 2B Jose Altuve
82%
21 BOS 3B Rafael Devers
82%
7 TB SS Wander Franco
81%
27 ATL 1B Matt Olson
79%
31 STL 3B Nolan Arenado
79%
29 NYM SP Max Scherzer
77%
33 PHI C JT Realmuto
76%
23 TEX 2B Marcus Semien
76%
18 CLE SP Shane Bieber
76%
30 CWS SS Tim Anderson
76%
42 HOU DH Yordan Alvarez
76%
50 HOU SP Justin Verlander
75%
76 NYM SP Jacob deGrom
74%
38 ATL 2B Ozzie Albies
74%
51 KC C Salvador Perez
74%
48 STL 1B Paul Goldschmidt
73%
49 PHI SP Aaron Nola
72%
26 PHI SP Zack Wheeler
72%
37 LAA 3B Anthony Rendon
71%
20 CWS OF Luis Robert
71%
35 BOS SS Xander Bogaerts
71%
22 CWS C Yasmani Grandal
71%
39 HOU OF Kyle Tucker
70%
63 NYM 1B Pete Alonso
67%
79 SD SS Fernando Tatis
65%
44 ARI OF Ketel Marte
65%
62 NYM OF Starling Marte
65%
52 LAD 1B Max Muncy
64%
83 NYY DH Giancarlo Stanton
63%
46 ATL SP Max Fried
63%
69 ATL 3B Austin Riley
60%
28 SEA SP Robbie Ray
60%
41 TOR SP Kevin Gausman
58%
43 MIL SP Brandon Woodruff
57%
57 TOR OF George Springer
57%
60 CHC C Willson Contreras
56%
40 TB 2B Brandon Lowe
55%
85 BOS SP Chris Sale
55%
53 TB OF Randy Arozarena
54%
61 MIA SP Sandy Alcantara
54%
70 BAL OF Cedric Mullins
53%
59 CIN SP Luis Castillo
53%
100 PIT SS Oneil Cruz
53%
67 TOR 3B Matt Chapman
52%
47 HOU SP Framber Valdez
50%
68 PIT OF Bryan Reynolds
49%
82 MIN OF Byron Buxton
49%
34 CWS SP Lance Lynn
49%
66 NYM OF Brandon Nimmo
48%
86 DET SP Eduardo Rodriguez
48%
73 NYY 3B Josh Donaldson
48%
45 CHC SP Marcus Stroman
47%
78 BOS SS Trevor Story
46%
58 CWS SP Lucas Giolito
45%
90 OAK C Sean Murphy
45%
84 MIL SS Willy Adames
45%
99 TOR SP Alek Manoah
44%
88 DET 2B Javier Baez
44%
71 SF SP Logan Webb
43%
56 CWS 3B Yoan Moncada
43%
89 SF SP Carlos Rodon
42%
77 SD 2B Jake Cronenworth
42%
75 COL 3B Kris Bryant
42%
97 CIN 2B Jonathan India
41%
64 ATL SP Charlie Morton
40%
94 STL OF Harrison Bader
39%
98 BAL C Adley Rutschman
38%
93 KC 3B Bobby Witt
38%
92 PHI OF Nick Castellanos
37%
74 MIN 2B Jorge Polanco
34%
65 BOS SP Nathan Eovaldi
33%
96 TB C Mike Zunino
31%
54 TOR SP Jose Berrios
30%
72 STL OF Tyler O'Neill
29%
55 CHC OF Seiya Suzuki
27%
87 TB SP Shane McClanahan
26%
80 NYY OF Joey Gallo
25%
81 SEA OF Jesse Winker
24%
95 SD SP Sean Manaea
8%
No matching quizzes found
Score Distribution
Percent of People with Each Score
Percentile by Number Answered
Your Score History
You have not taken this quiz